000 00328nam a22001337a 4500
008 181106b xxu||||| |||| 00| 0 eng d
020 _a9780781780582
041 _aeng
080 _210th
_a615.83
100 _a8
101 _aEGZ
245 _aGuide to Physical Examination and History taking
_cBickley,L.S
942 _2udc
_cBK
999 _c52023
_d52023